|
|
|
|
| LEADER |
01561nam a2200433 a 4500 |
| 001 |
000280241 |
| 003 |
CZ BrMZK |
| 005 |
20250902135056.0 |
| 007 |
ta |
| 008 |
980115s1997 xr f 0 cze d |
| 015 |
|
|
|a cnb000302792
|
| 020 |
|
|
|a 80-86046-22-2
|
| 035 |
|
|
|a (OCoLC)39105309
|
| 040 |
|
|
|a BOA001
|b cze
|
| 043 |
|
|
|a e-xr---
|
| 072 |
|
7 |
|a 930
|x Historická věda. Pomocné vědy historické. Archivnictví
|2 Konspekt
|9 8
|
| 080 |
|
|
|a 930-051
|2 MRF
|
| 080 |
|
|
|a 930
|2 MRF
|
| 080 |
|
|
|a (437.3)
|2 MRF
|
| 080 |
|
|
|a (042.3)
|2 MRF
|
| 080 |
|
|
|a (082)
|2 MRF
|
| 100 |
1 |
|
|a Pešek, Jiří,
|d 1929-2004
|7 jk01092638
|4 com
|
| 245 |
1 |
0 |
|a Historikové na cestách :
|b (cyklus sedmipřednáškový) /
|c sestavil Jiří Pešek
|
| 250 |
|
|
|a Vyd. 1.
|
| 260 |
|
|
|a Pardubice :
|b Východočeské muzeum,
|c 1997
|
| 300 |
|
|
|a 102 s. ;
|c 21 cm
|
| 490 |
1 |
|
|a Východočeský sborník historický ;
|v suppl. 6
|
| 500 |
|
|
|a Souhrny angl.
|
| 650 |
0 |
7 |
|a historici
|7 ph114665
|z Česko
|2 czenas
|
| 650 |
0 |
7 |
|a historiografie
|7 ph114672
|z Česko
|2 czenas
|
| 655 |
|
7 |
|a sborníky
|7 fd163935
|2 czenas
|
| 655 |
|
7 |
|a přednášky
|7 fd133199
|2 czenas
|
| 710 |
2 |
|
|a Východočeské muzeum (Pardubice, Česko)
|7 kn20010724958
|
| 830 |
|
0 |
|a Východočeský sborník historický
|
| 910 |
|
|
|a BOA001
|b 2-1041.561
|b PK-0130.039
|
| 920 |
|
|
|a 000317719
|
| 990 |
|
|
|a BK
|
| 996 |
6 |
|
|b 2610065279
|c 2-1041.561
|l MZK
|r Sklad / do 1 hodiny
|n 5
|p p.v.
|w 000280241
|u 000010
|a 1
|e BOA001
|j MZK50
|s P
|
| 996 |
7 |
|
|b 3119012724
|c PK-0130.039
|l MZK
|r Sklad / do 1 hodiny
|n 7
|p kup
|w 000280241
|u 000020
|a 1
|e BOA001
|j MZK50
|s A
|